000 00558nam a22001817a 4500
999 _c350355
_d350355
005 20200522112909.0
008 200522b ||||| |||| 00| 0 eng d
020 _a9781789505603
040 _erda
092 _aF Stoker
100 _aStoker, Bram
_96359412
245 _aDracula
264 _aSirius Publishing, a division of Arcturus Publishing Limited,
_b26/27 Bickels yard, 151-153 Bermondsey Street, London
_c2019
336 _atext
337 _aunmediated
338 _avolume
942 _2ddc
_cBOOK